Words That Rhyme With “Luck” - Statistics

General Stats
  • This quiz has been taken 587 times
    359 since last reset
  • The average score is 14 of 17
Answer Stats
Rhyming Words % Correct
Duck
97%
Muck
95%
Buck
94%
Puck
90%
Tuck
89%
Suck
88%
Ruck
85%
Huck
84%
Truck
84%
Stuck
83%
Pluck
80%
Cluck
78%
Shuck
78%
Chuck
76%
Snuck
73%
Guck
63%
Struck
62%
No matching quizzes found
Score Distribution
Percent of People with Each Score
Percentile by Number Answered
Your Score History
You have not taken this quiz since the last reset